| 000 | 00557nam a22002057a 4500 | ||
|---|---|---|---|
| 003 | OSt | ||
| 005 | 20140310184503.0 | ||
| 008 | 131012t xxu||||| |||| 00| 0 eng d | ||
| 020 | _a9780439120227 | ||
| 050 |
_aPZ 7 _b.Sch378 1998 |
||
| 100 |
_aSchreiber, Anne _928713 |
||
| 245 |
_aDid you see that rabbit? / _cAnne Schreiber. |
||
| 260 |
_aNew York : _bScholastic Inc., _c1998. |
||
| 300 |
_a16 p. : _bill. col. ; _c20 cm. |
||
| 521 | _aG2 | ||
| 526 | _c440 | ||
| 650 |
_aRabbit _xJuvenile Fiction _928714 |
||
| 942 |
_2lcc _cBK-SCHOLAS |
||
| 999 |
_c34754 _d34754 |
||